| Tag |
First Indicator |
Second Indicator |
Subfields |
| LEADER |
00000cam a2200000 4500 |
| 001 |
in00000705751 |
| 005 |
20151016053039.0 |
| 008 |
761130s1916 mau 00010 eng |
| 010 |
|
|
|a 16017514
|
| 035 |
|
|
|a (OCoLC)02585008
|
| 035 |
|
|
|9 ADB9112AM
|
| 040 |
|
|
|a DLC
|c LLU
|d TXA
|d UtOrBLW
|
| 049 |
|
|
|a TXAM
|c [17504]
|
| 050 |
|
0 |
|a PR4963.A11
|b H6
|
| 092 |
|
|
|a 824
|b M117s
|
| 100 |
1 |
|
|a Macaulay, Thomas Babington Macaulay,
|c Baron,
|d 1800-1859.
|
| 245 |
1 |
0 |
|a Selections from the prose of Macaulay /
|c ed. by Lucius Hudson Holt.
|
| 264 |
|
1 |
|a Boston,
|a New York [etc.] :
|b Ginn and company,
|c [1916]
|
| 264 |
|
4 |
|c [©1916]
|
| 300 |
|
|
|a xxviii, 454 pages ;
|c 20 cm.
|
| 336 |
|
|
|a text
|b txt
|2 rdacontent
|
| 337 |
|
|
|a unmediated
|b n
|2 rdamedia
|
| 338 |
|
|
|a volume
|b nc
|2 rdacarrier
|
| 700 |
1 |
|
|a Holt, Lucius Hudson.
|
| 999 |
|
|
|a MARS
|
| 999 |
f |
f |
|s eaba5a1d-3f87-3d80-b235-ee85c990a37e
|i 4ea25a46-4521-3a3c-97d9-e4c922239745
|t 0
|
| 952 |
f |
f |
|p ric
|a Texas A&M University
|b Rellis Campus
|c Joint Library Facility
|d Remote Storage
|t 0
|e PR4963.A11 H6
|h Library of Congress classification
|i unmediated -- volume
|m A14801339302
|
| 998 |
f |
f |
|a PR4963.A11 H6
|t 0
|l Remote Storage
|